| 000 | 00655nam a2200229 a 4500 | ||
|---|---|---|---|
| 001 | 504 | ||
| 003 | CDMR | ||
| 005 | 20151030104202.0 | ||
| 008 | 130130s1980||||||||||||||||||||||||||||d | ||
| 020 | _a8425209617 | ||
| 040 |
_aCDMR _bcat _cCDMR |
||
| 100 | 1 |
_aRicci Bitti, Pio Enrico _9362 |
|
| 245 | 1 | 0 |
_aComportamiento no verbal y comunicación _cPio E. Ricci Bitti, Santa Cortesi |
| 260 |
_aBarcelona _c1980 _bGustavo Gili |
||
| 300 | _a204 p. | ||
| 490 | 0 | _aPuntos y Línea | |
| 650 | 0 | 4 |
_94410 _aComunicació no verbal |
| 650 | 0 | 4 |
_94483 _aConducta (Psicologia) |
| 650 | 0 | 4 |
_9388 _aComunicació humana |
| 700 | 1 |
_94484 _aCortesi, Santa |
|
| 942 |
_cMON _2udc |
||
| 999 |
_c504 _d504 |
||